Countries with the Largest Emigration - Statistics

General Stats
  • This quiz has been taken 142 times
  • The average score is 13 of 20
Answer Stats
Emigrants Country % Correct
1,800,000 China
95%
2,598,218 India
94%
4,029,996 Syria
86%
1,081,918 Pakistan
83%
523,585 Mexico
81%
2,226,481 Bangladesh
79%
300,000 Nigeria
77%
300,001 Iran
76%
700,000 Indonesia
75%
700,000 Philippines
69%
310,624 Morocco
55%
400,000 Somalia
54%
800,000 Sudan
51%
501,692 Libya
47%
474,278 Myanmar
47%
484,772 Sri Lanka
45%
437,201 Romania
42%
302,449 Mali
34%
593,069 Spain
34%
372,369 Nepal
31%
No matching quizzes found
Score Distribution
Percent of People with Each Score
Percentile by Number Answered
Your Score History
You have not taken this quiz